<?xml version="1.0" encoding="UTF-8"?>
<record
    xmlns:xsi="http://www.w3.org/2001/XMLSchema-instance"
    xsi:schemaLocation="http://www.loc.gov/MARC21/slim http://www.loc.gov/standards/marcxml/schema/MARC21slim.xsd"
    xmlns="http://www.loc.gov/MARC21/slim">

  <leader>02065nam a2200253   4500</leader>
  <controlfield tag="003">NALT</controlfield>
  <controlfield tag="005">20250901105504.0</controlfield>
  <controlfield tag="008">250828b        th ||||| |||| 00| 0 tha d</controlfield>
  <datafield tag="040" ind1=" " ind2=" ">
    <subfield code="a">NALT</subfield>
  </datafield>
  <datafield tag="050" ind1=" " ind2=" ">
    <subfield code="a">DS 578.32</subfield>
    <subfield code="b">&#xE0A;266&#xE1A; 2568</subfield>
  </datafield>
  <datafield tag="100" ind1="0" ind2=" ">
    <subfield code="a">&#xE1C;&#xE48;&#xE2D;&#xE07;&#xE28;&#xE23;&#xE35; &#xE18;&#xE32;&#xE23;&#xE32;&#xE20;&#xE39;&#xE21;&#xE34;</subfield>
    <subfield code="9">59606</subfield>
  </datafield>
  <datafield tag="245" ind1="1" ind2="0">
    <subfield code="a">&#xE1A;&#xE31;&#xE19;&#xE17;&#xE36;&#xE01; "&#xE21;&#xE34;&#xE15;&#xE23;-&#xE20;&#xE32;&#xE1E;" &#xE0A;&#xE27;&#xE19; &#xE2B;&#xE25;&#xE35;&#xE01;&#xE20;&#xE31;&#xE22; &#xE20;&#xE32;&#xE23;&#xE01;&#xE34;&#xE08;&#xE14;&#xE49;&#xE32;&#xE19;&#xE01;&#xE32;&#xE23;&#xE15;&#xE48;&#xE32;&#xE07;&#xE1B;&#xE23;&#xE30;&#xE40;&#xE17;&#xE28; &#xE19;&#xE32;&#xE22;&#xE01;&#xE23;&#xE31;&#xE10;&#xE21;&#xE19;&#xE15;&#xE23;&#xE35; &#xE04;&#xE19;&#xE17;&#xE35;&#xE48; 20 (&#xE1E;.&#xE28;. 2535-2538 &#xE41;&#xE25;&#xE30; &#xE1E;.&#xE28;. 2540-2544) / </subfield>
    <subfield code="c">&#xE1C;&#xE48;&#xE2D;&#xE07;&#xE28;&#xE23;&#xE35; &#xE18;&#xE32;&#xE23;&#xE32;&#xE20;&#xE39;&#xE21;&#xE34;.</subfield>
  </datafield>
  <datafield tag="260" ind1=" " ind2=" ">
    <subfield code="a">&#xE21;.&#xE1B;.&#xE17;.</subfield>
    <subfield code="b">&#xE21;.&#xE1B;.&#xE1E;.</subfield>
    <subfield code="c">2568.</subfield>
  </datafield>
  <datafield tag="300" ind1=" " ind2=" ">
    <subfield code="a">296 &#xE2B;&#xE19;&#xE49;&#xE32; : </subfield>
    <subfield code="b">&#xE20;&#xE32;&#xE1E;&#xE1B;&#xE23;&#xE30;&#xE01;&#xE2D;&#xE1A; ; </subfield>
    <subfield code="c">21 &#xE0B;&#xE21;.</subfield>
  </datafield>
  <datafield tag="505" ind1="0" ind2=" ">
    <subfield code="a">&#xE04;&#xE33;&#xE1B;&#xE23;&#xE32;&#xE23;&#xE20; -- &#xE1A;&#xE17;&#xE04;&#xE27;&#xE32;&#xE21;&#xE19;&#xE33; -- &#xE04;&#xE27;&#xE32;&#xE21;&#xE40;&#xE1B;&#xE47;&#xE19;&#xE21;&#xE32;&#xE02;&#xE2D;&#xE07; &#xE1A;&#xE31;&#xE19;&#xE17;&#xE36;&#xE01; "&#xE21;&#xE34;&#xE15;&#xE23;-&#xE20;&#xE32;&#xE1E;" &#xE0A;&#xE27;&#xE19; &#xE2B;&#xE25;&#xE35;&#xE01;&#xE20;&#xE31;&#xE22; -- &#xE1B;&#xE23;&#xE30;&#xE21;&#xE27;&#xE25;&#xE20;&#xE32;&#xE1E;&#xE20;&#xE32;&#xE23;&#xE01;&#xE34;&#xE08;&#xE14;&#xE49;&#xE32;&#xE19;&#xE01;&#xE32;&#xE23;&#xE15;&#xE48;&#xE32;&#xE07;&#xE1B;&#xE23;&#xE30;&#xE40;&#xE17;&#xE28; &#xE19;&#xE32;&#xE22;&#xE0A;&#xE27;&#xE19; &#xE2B;&#xE25;&#xE35;&#xE01;&#xE20;&#xE31;&#xE22; &#xE19;&#xE32;&#xE22;&#xE01;&#xE23;&#xE31;&#xE10;&#xE21;&#xE19;&#xE15;&#xE23;&#xE35; &#xE04;&#xE19;&#xE17;&#xE35;&#xE48; 20 &#xE2A;&#xE21;&#xE31;&#xE22;&#xE17;&#xE35;&#xE48; 1 (&#xE1E;.&#xE28;. 2535 - 2539) -- &#xE1B;&#xE23;&#xE30;&#xE21;&#xE27;&#xE25;&#xE20;&#xE32;&#xE1E;&#xE20;&#xE32;&#xE23;&#xE01;&#xE34;&#xE08;&#xE14;&#xE49;&#xE32;&#xE19;&#xE01;&#xE32;&#xE23;&#xE15;&#xE48;&#xE32;&#xE07;&#xE1B;&#xE23;&#xE30;&#xE40;&#xE17;&#xE28; &#xE19;&#xE32;&#xE22;&#xE0A;&#xE27;&#xE19; &#xE2B;&#xE25;&#xE35;&#xE01;&#xE20;&#xE31;&#xE22; &#xE19;&#xE32;&#xE22;&#xE01;&#xE23;&#xE31;&#xE10;&#xE21;&#xE19;&#xE15;&#xE23;&#xE35; &#xE04;&#xE19;&#xE17;&#xE35;&#xE48; 20 &#xE2A;&#xE21;&#xE31;&#xE22;&#xE17;&#xE35;&#xE48; 2 (&#xE1E;.&#xE28;. 2540 - 2544) -- &#xE20;&#xE32;&#xE23;&#xE01;&#xE34;&#xE08;&#xE21;&#xE34;&#xE15;&#xE23;&#xE20;&#xE32;&#xE1E;&#xE2B;&#xE25;&#xE31;&#xE07;&#xE1E;&#xE49;&#xE19;&#xE15;&#xE33;&#xE41;&#xE2B;&#xE19;&#xE48;&#xE07; --
&#xE1B;&#xE23;&#xE30;&#xE27;&#xE31;&#xE15;&#xE34;&#xE41;&#xE25;&#xE30;&#xE40;&#xE01;&#xE35;&#xE22;&#xE23;&#xE15;&#xE34;&#xE04;&#xE38;&#xE13; &#xE0A;&#xE27;&#xE19; &#xE2B;&#xE25;&#xE35;&#xE01;&#xE20;&#xE31;&#xE22;.</subfield>
  </datafield>
  <datafield tag="600" ind1="0" ind2="4">
    <subfield code="a">&#xE0A;&#xE27;&#xE19; &#xE2B;&#xE25;&#xE35;&#xE01;&#xE20;&#xE31;&#xE22;</subfield>
    <subfield code="x">&#xE0A;&#xE35;&#xE27;&#xE1B;&#xE23;&#xE30;&#xE27;&#xE31;&#xE15;&#xE34;</subfield>
    <subfield code="9">32704</subfield>
  </datafield>
  <datafield tag="600" ind1="0" ind2="4">
    <subfield code="a">&#xE0A;&#xE27;&#xE19; &#xE2B;&#xE25;&#xE35;&#xE01;&#xE20;&#xE31;&#xE22;</subfield>
    <subfield code="x">&#xE20;&#xE32;&#xE23;&#xE01;&#xE34;&#xE08;&#xE14;&#xE49;&#xE32;&#xE19;&#xE15;&#xE48;&#xE32;&#xE07;&#xE1B;&#xE23;&#xE30;&#xE40;&#xE17;&#xE28;</subfield>
    <subfield code="9">62079</subfield>
  </datafield>
  <datafield tag="650" ind1=" " ind2="4">
    <subfield code="a">&#xE19;&#xE32;&#xE22;&#xE01;&#xE23;&#xE31;&#xE10;&#xE21;&#xE19;&#xE15;&#xE23;&#xE35;</subfield>
    <subfield code="z">&#xE44;&#xE17;&#xE22;</subfield>
    <subfield code="9">22333</subfield>
  </datafield>
  <datafield tag="942" ind1=" " ind2=" ">
    <subfield code="2">lcc</subfield>
    <subfield code="c">GB</subfield>
  </datafield>
  <datafield tag="996" ind1=" " ind2=" ">
    <subfield code="a">jidapa.t</subfield>
    <subfield code="b">ACQSTF</subfield>
    <subfield code="c">2025-08-28</subfield>
  </datafield>
  <datafield tag="996" ind1=" " ind2=" ">
    <subfield code="a">varee.k</subfield>
    <subfield code="b">LIBSTF</subfield>
    <subfield code="c">2025-08-29</subfield>
  </datafield>
  <datafield tag="996" ind1=" " ind2=" ">
    <subfield code="a">saiphon.d</subfield>
    <subfield code="b">CATSTF	</subfield>
    <subfield code="c">2025-09-01</subfield>
  </datafield>
  <datafield tag="999" ind1=" " ind2=" ">
    <subfield code="c">107156</subfield>
    <subfield code="d">107156</subfield>
  </datafield>
  <datafield tag="998" ind1=" " ind2=" ">
    <subfield code="j">104</subfield>
    <subfield code="k"> &#xE19;&#xE32;&#xE07;&#xE2A;&#xE32;&#xE27;&#xE2A;&#xE32;&#xE22;&#xE1D;&#xE19;  &#xE14;&#xE35;&#xE07;&#xE32;&#xE21;</subfield>
  </datafield>
  <datafield tag="952" ind1=" " ind2=" ">
    <subfield code="0">0</subfield>
    <subfield code="1">0</subfield>
    <subfield code="2">lcc</subfield>
    <subfield code="4">0</subfield>
    <subfield code="7">0</subfield>
    <subfield code="8">CGBL</subfield>
    <subfield code="a">NALT</subfield>
    <subfield code="b">NALT</subfield>
    <subfield code="c">GEN</subfield>
    <subfield code="d">2025-08-28</subfield>
    <subfield code="l">0</subfield>
    <subfield code="o">DS 578.32 &#xE0A;266&#xE1A; 2568</subfield>
    <subfield code="p">3961215667</subfield>
    <subfield code="r">2025-08-28 00:00:00</subfield>
    <subfield code="t">&#xE09;.1</subfield>
    <subfield code="w">2025-08-28</subfield>
    <subfield code="y">GB</subfield>
  </datafield>
  <datafield tag="952" ind1=" " ind2=" ">
    <subfield code="0">0</subfield>
    <subfield code="1">0</subfield>
    <subfield code="2">lcc</subfield>
    <subfield code="4">0</subfield>
    <subfield code="7">0</subfield>
    <subfield code="8">CGBL</subfield>
    <subfield code="a">NALT</subfield>
    <subfield code="b">NALT</subfield>
    <subfield code="c">GEN</subfield>
    <subfield code="d">2025-08-28</subfield>
    <subfield code="l">0</subfield>
    <subfield code="o">DS 578.32 &#xE0A;266&#xE1A; 2568</subfield>
    <subfield code="p">3961215668</subfield>
    <subfield code="r">2025-08-28 00:00:00</subfield>
    <subfield code="t">&#xE09;.2</subfield>
    <subfield code="w">2025-08-28</subfield>
    <subfield code="y">GB</subfield>
  </datafield>
</record>
